Fertiliser recommendation system for Kissan (Record no. 2694)

MARC details
000 -LEADER
fixed length control field 00388nam a2200133Ia 4500
008 - FIXED-LENGTH DATA ELEMENTS--GENERAL INFORMATION
fixed length control field 130320s9999 xx 000 0 und d
100 ## - MAIN ENTRY--PERSONAL NAME
Personal name Dhanya R
245 ## - TITLE STATEMENT
Title Fertiliser recommendation system for Kissan
502 ## - DISSERTATION NOTE
Degree type MCA
Year degree granted EXT
-- Ajith Kumar R
-- Sri Ramakrishna Engineering College, Coimbatore
650 ## - SUBJECT ADDED ENTRY--TOPICAL TERM
Topical term or geographic name entry element FARMING SYSTEM
650 ## - SUBJECT ADDED ENTRY--TOPICAL TERM
Topical term or geographic name entry element KISSAN
650 ## - SUBJECT ADDED ENTRY--TOPICAL TERM
Topical term or geographic name entry element FERTILIZER
700 ## - ADDED ENTRY--PERSONAL NAME
Personal name Rajesh R
Holdings
Withdrawn status Lost status Damaged status Not for loan Home library Current library Date acquired Total Checkouts Barcode Date last seen Price effective from Koha item type
        IIITM-K Kerala University of Digital Sciences, Innovation and Technology Knowledge Centre 20/03/2013   R-106 20/03/2013 20/03/2013 Project Reports